Termodinámica

Bibliographic Details
Main Author: Faires, Virgil Moring
Format: Section = Libro
Language:Undetermined
Spanish
Published: México México 1982
Subjects:
LEADER 00620nam a2200241Ia 4500
008 240830s9999 xx 000 0 und d
040 |a CEDOC FIQ-RUSB / 541.36 F165 
041 |a spa 
082 |a 541.36 F165 
100 1 |a Faires, Virgil Moring 
245 1 0 |a Termodinámica 
260 |a México  |b México  |c 1982 
300 |a 890 p. :il 
650 7 |a TERMODINAMICA 
650 7 |b  ENERGIA 
650 7 |c  PRIMERA LEY TERMODINAMICA 
650 7 |d  PROCESOS -FLUIDOS 
650 7 |e  CICLOS – GASES 
650 7 |f  GASES REALES 
650 7 |g  MOTORES DE COMBUSTIONNTERNA 
942 |c BK  |2 ddc 
991 |a TEXTO 
999 |c 14159